000 00615nam a2200169 4500
999 _c16344
_d16344
008 211125b ||||| |||| 00| 0 eng d
022 _a0732-8435
082 _aDPer 657.05 C33 Apr - Sept 2016, v86 n4-9
100 _aKess, Sidney.
_942718
245 _aAdvisors involved in financial planning/
_cSidney Kess and Edward Mendlowitz.
260 _aNew York:
_bThe New York State Society of CPA,
_c©2016.
300 _av86 n9, pages 66-69:
_billustrations;
_c28 cm.
500 _aThe CPA Journal
650 _aConsultants
_xFinancial planning.
_943770
700 _aMendlowitz, E.
_eAuthor.
_943771
942 _2ddc
_cPER